000 00569nam a2200181Ia 4500
005 20260429112241.0
008 260429s9999||||xx |||||||||||||| ||und||
020 _a9788177142914
041 _aHindi
082 _a891.433
_bBHA
100 _aभार्गव, प्रमोद
245 0 _aमुक्त होती औरतें /
_cप्रमोद भार्गव
250 _a1st ed.
260 _aदिल्ली :
_bप्रकाशन संस्थान,
_c2011.
300 _a160 p.; Hb
650 _aShort stories
942 _cTB
999 _c53125
_d53125